00377nam a2200145Ia 4500003000400000005001700004008004100021040001800062041000800080100005100088110001800139245001700157260001400174710004300188OSt20260318120119.0211028s2018 xx 000 0 und d cAIMIT LIBRARY aeng aCrasto, Jesslee Velmon; Kumar, Rakesh.g151715 aRakesh Kumar. aTherachart / aGoac2018 aSiemens Technology and Service Pvt Ltd